000 00674nam a2200277Ia 4500
005 20260324131915.0
008 008 260324s9999 xx 000 0 eng d
020 _a9780429133381
037 _aEBOOK
040 _aCRL
040 _beng
040 _cCRL
041 _2eng
041 _aeng
084 _qCRL
100 _aK.M. Furati; Abul Hasan Siddiqi
_91187293
245 0 _aMathematical Models and Methods for Real World Systems
260 _bTaylor and Francis
260 _c2005
365 _a
365 _b560
856 _uhttp://www.taylorfrancis.com/books/9780429133381
942 _cEBOOK
999 _c1784872
_d1784872